000 00524nam a2200181Ia 4500
005 20250326123816.0
008 250326s9999 xx 000 0 und d
037 _aTextbook
040 _aFMSL
_beng
_cFMSL
041 _aeng
_2eng
084 _aS(R412) K6
_qFMSL
100 _aSherif M
245 0 _aPsychology of ego-involvements: social attitudes & identifications
_cSherif M; Cantril H
260 _aNY
_bNY, John Wiley
_c1966
300 _a525p
942 _cTB
_hS(R412) K6
999 _c1271047
_d1271047